00589nam a22001937a 450000500170000001000130001702000230003003500130005303700160006604000120008208200170009411000520011124500640016326000530022727000380028030000290031865000190034765000290036620170124110245.0 aB-209612 c575.00a8186623663 aB-209612 bCen Lib/Ret aDPLbEN a621.323bCOM aDelhi.National Institute of Industrial Research aThe complete technology book on candle making and designs / aDelhibNational Institute of Industrial Research bDelhia106-E, Kamla Nagare110007 a354p. :c20cm(pbk)bill. aCandle making  aProcess -- candle making